| 000 | 02358cam a2200409Ii 4500 | ||
|---|---|---|---|
| 001 | 10937317 | ||
| 003 | ARRUPE | ||
| 005 | 20161103123827.0 | ||
| 008 | 140625s2014 sa b 001 0 eng c | ||
| 020 | _a9781869142650 | ||
| 020 | _a1869142659 | ||
| 035 | _a(OCoLC)ocn881707322 | ||
| 035 |
_a(OCoLC)881707322 _z(OCoLC)881140908 |
||
| 035 | _a(NNC)10937317 | ||
| 040 |
_aOI@ _erda _cOI@ _dOI@ _dYDXCP _dBTCTA _dEMU |
||
| 043 | _af------ | ||
| 050 | 4 |
_aB5315.U28 _bU28 2014 |
|
| 082 | 0 | 4 |
_a199/.6 _223 |
| 245 | 0 | 0 |
_aUbuntu : _bcurating the archive / _cedited by Leonhard Praeg and Siphokazi Magadla. |
| 260 |
_aSouth Africa _bUniversity of KwaZulu-Natal Press _c2014 |
||
| 300 |
_axiii, 231 pages ; _c23 cm. |
||
| 490 | 1 | _aThinking Africa | |
| 504 | _aIncludes bibliographical references and index. | ||
| 505 | 0 | _aIntroduction / Leonhard Praeg and Siphokazi Magadla -- Justice otherwise: thoughts on Ubuntu / Lewis R. Gordon -- The historical discourse on African humanism: interrogating the paradoxes / Ama Biney -- Ubuntu verses the core values of the South African constitution / Ilze Keevy -- From ubuntu to Ubuntu: four historic a prioris / Leonhard Praeg -- Ubuntu: affirming a right and seeking remedies in South Africa / Mogobe B. Ramose -- Utu, usawa, uhuru: building blocks of Nyerere's political philosophy / Issa G. Shivji -- Ubuntu and the law: some lessons for the practical application of Ubuntu / Katherine Furman -- Ubuntu and subaltern legality / Drucilla Cornell / The self become God: Ubuntu and the 'scandal of manhood' / Siphokazi Magadla and Ezra Chitando / Concluding reflections: the 'fierce urgency of now' / Danielle Alyssa Bowler. | |
| 520 | _a"This collection of essays contextualises the discourse on Ubuntu within the wider historical framework of postcolonial attempts to re-articulate African humanism as a substantial philosophy and emancipatory ideology." -- Back cover. | ||
| 650 | 0 |
_aHumanism _zAfrica. _927101 |
|
| 650 | 0 |
_aSocial values _zAfrica _xPhilosophy. _927102 |
|
| 650 | 0 |
_aPhilosophy, African. _927103 |
|
| 650 | 0 |
_aEthics _zAfrica. _99259 |
|
| 700 | 1 |
_aPraeg, Leonhard. _913518 _eed. |
|
| 700 | 1 |
_aMagadla, Siphokazi. _927104 _eed. |
|
| 830 | 0 |
_aThinking Africa. _927105 |
|
| 942 |
_2lcc _cMONOGRAPH |
||
| 948 | 1 |
_a20140911 _bc _cme2540 _dMPS |
|
| 948 | 1 |
_a20140919 _bc _cme2540 _dMPS |
|
| 999 |
_c125614 _d125614 |
||